000 02427nam a2200361 a 4500
003 CHAP
005 20240130131040.0
007 ta
008 230816s2013 mx ab||grc||| 001 0 sp d
020 _a978-607-02-4297-7
040 _aZ
_cCHAP
_erda
082 0 0 _a595.789097252
_bB48 2013
_220
100 1 _912105
_aBeutelspacher Baigts, Carlos Rommel
_eautor
245 1 4 _aLas mariposas nocturnas del Valle de México /
_cCarlos Rommel Beutelspacher Baigts
250 _aPrimera edición
264 1 _aMéxico, Distrito Federal :
_bUNAM. Instituto de Biología UNAM : EKO-Filter Comercial SA de CV: AGROLITA,
_c2013
300 _a284 páginas :
_bIlustraciones, mapas, laminas a color
336 _2rdacontent
_atexto
_btxt
337 _2rdamedia
_asin medio
_bn
338 _2rdacarrier
_avolumen
_bnc
500 _aej.1: consumo\ ej.2: consumo\ ej.3: consumo
504 _aBibliografía: página 207 - 212
505 0 _aIntroducción -- El Valle de México -- Las mariposas nocturnas del Valle de México -- Las mariposas nocturnas entre los antiguos mexicanos -- Clasificación
520 _aEste libro incluye a la mayoría de los macrolepidópteros y algunas especie de microlepidópteros de las familias Acrolophidae, Sesiidae, Pyralidae y Tortricidae del Valle de México. Se mencionan las localidades en las cuales se encontraron las especies, lo cual no necesariamente indica que solamente allí existan, lo mismo las fechas citadas en las épocas de vuelo, ya que seguramente se irá ampliando esta información en la medida en que se recolecte en otros puntos del Valle de México. Se incluyen los nombres y las citas originales, así como el nombre válido actual para todas las especies tratadas (762 especies), de las cuales, se ilustran a color 679, más varias formas. Entre ellas, se encuentran especies que constituyen reconocidas plagas para la agricultura, tales como diversas especie de Spodoptera y Heliothis, y otras más defoliadoras de pinos, por ejemplo Evita hyalinaria, Lophocampa alternata, etc. Se mencionan los meses de vuelo de cada especie y las plantas de alimentación en los casos qu se conocen.
534 _pTítulo original:
650 1 3 _971395
_aMariposas
650 1 7 _971407
_aMariposas
_zValle de México
650 1 3 _9146443
_aMariposas
_x Identificación
_z México
650 1 3 _966262
_aLepidoptera noctuidae
942 _2ddc
942 _2ddc
942 _cLIBRO
999 _c219084
_d219084